[Event "Ruhrgebiet Verbandsklasse Gruppe 2 1819"]
[Site "Nordrheinwestfalen"]
[Date "2019.03.10"]
[Round "7.4"]
[White "Distelrath, Oliver"]
[Black "Spaeh, Jan Lukas"]
[Result "1-0"]
[WhiteElo "1855"]
[BlackElo "1781"]
[PlyCount "79"]
[EventDate "2018.09.23"]
[EventType "team-tourn"]
[EventRounds "9"]
[EventCountry "GER"]
[SourceTitle "EXT 2022"]
[Source "ChessBase"]
[SourceDate "2021.10.06"]
[SourceVersion "1"]
[SourceVersionDate "2021.10.06"]
[SourceQuality "1"]
[WhiteTeam "Unser Fritz"]
[BlackTeam "Kamen SV II"]
[WhiteTeamCountry "GER"]
[BlackTeamCountry "GER"]

1. e4 c5 2. Nc3 Nc6 3. f4 g6 4. Nf3 Bg7 5. Bb5 Nd4 6. 0-0 a6 7. Be2 e6 8. d3 d5 9. Nxd4 cxd4 10. Nb1 Ne7 11. c3 dxe4 12. dxe4 0-0 13. Bf3 Qb6 14. Kh1 Bd7 15. e5 dxc3 16. Nxc3 Bc6 17. Qe2 Rfd8 18. Be3 Qc7 19. Rac1 Nf5 20. Bxc6 Qxc6 21. Bg1 Rac8 22. Qe4 Rd2 23. Qxc6 Rxc6 24. Rf2 Rd7 25. Rff1 Rd2 26. b3 Bf8 27. Ne4 Rxa2 28. Rxc6 bxc6 29. Rd1 Re2 30. Nf6+ Kg7 31. g4 Ne3 32. Ne8+ Kg8 33. Nf6+ Kg7 34. Ne8+ Kg8 35. Rd8 Nd5 36. Bc5 Rc2 37. Bd6 Nxf4 38. Nf6+ Kg7 39. Bxf8+ Kh8 40. Bh6# 1-0

[Event "Ruhrgebiet Verbandsklasse Gruppe 2 1819"]
[Site "Nordrheinwestfalen"]
[Date "2018.11.04"]
[Round "3.4"]
[White "Distelrath, Oliver"]
[Black "Kuckelkorn, Joerg"]
[Result "1-0"]
[WhiteElo "1855"]
[BlackElo "1869"]
[PlyCount "45"]
[EventDate "2018.09.23"]
[EventType "team-tourn"]
[EventRounds "9"]
[EventCountry "GER"]
[SourceTitle "EXT 2022"]
[Source "ChessBase"]
[SourceDate "2021.10.06"]
[SourceVersion "1"]
[SourceVersionDate "2021.10.06"]
[SourceQuality "1"]
[WhiteTeam "Unser Fritz"]
[BlackTeam "Oberhausen SW"]
[WhiteTeamCountry "GER"]
[BlackTeamCountry "GER"]

1. e4 c5 2. Nc3 e6 3. f4 d5 4. Nf3 Nc6 5. Bb5 Nge7 6. 0-0 d4 7. Nb1 Bd7 8. d3 Qb6 9. a4 Ng6 10. f5 exf5 11. exf5 Bxf5 12. Ng5 Nge7 13. Nxf7 Kxf7 14. g4 g6 15. gxf5 Nxf5 16. Rxf5+ gxf5 17. Qh5+ Kf6 18. Qg5+ Ke6 19. Bc4+ Kd7 20. Qxf5+ Kc7 21. Bf4+ Bd6 22. Qf7+ Kd8 23. Bxd6 1-0

[Event "Ruhrgebiet Verbandsklasse Gruppe 3 1415"]
[Site "Germany"]
[Date "2014.11.16"]
[Round "3"]
[White "Hamburg, Daniel"]
[Black "Distelrath, Oliver"]
[Result "1-0"]
[WhiteElo "1831"]
[BlackElo "1859"]
[PlyCount "57"]
[EventDate "2014.09.21"]
[EventType "team-tourn"]
[EventRounds "9"]
[EventCountry "GER"]
[SourceTitle "EXT 2022"]
[Source "ChessBase"]
[SourceDate "2021.10.06"]
[SourceVersion "1"]
[SourceVersionDate "2021.10.06"]
[SourceQuality "1"]
[WhiteTeam "Buer Hassel"]
[BlackTeam "Wanne-Eickel SV Unser Fritz"]
[WhiteTeamCountry "GER"]
[BlackTeamCountry "GER"]

1. d4 Nf6 2. Bg5 Ne4 3. Bf4 e6 4. f3 Bd6 5. Bxd6 Nxd6 6. e4 0-0 7. Bd3 Nc6 8. c3 b6 9. f4 f5 10. e5 Ne4 11. Nf3 Ne7 12. Nbd2 Bb7 13. Qe2 Nd5 14. g3 Nxd2 15. Kxd2 c5 16. Rhe1 a5 17. Rad1 Qc8 18. a3 Nc7 19. dxc5 bxc5 20. Kc1 Bc6 21. Nd2 Qb7 22. Rf1 Rfb8 23. Nc4 Nd5 24. g4 Bb5 25. Nd6 Bxd3 26. Rxd3 Qc6 27. gxf5 Rb3 28. Rg3 exf5 29. Rfg1 1-0

[Event "NRW Verbandsklasse Group1 1314"]
[Site "Nordrheinwestfalen"]
[Date "2013.12.15"]
[Round "5"]
[White "Schulz, Alfons"]
[Black "Distelrath, Oliver"]
[Result "0-1"]
[WhiteElo "1851"]
[BlackElo "1822"]
[PlyCount "72"]
[EventDate "2013.09.08"]
[EventType "team-tourn"]
[EventRounds "9"]
[EventCountry "GER"]
[SourceTitle "EXT 2020"]
[Source "ChessBase"]
[SourceDate "2019.10.17"]
[SourceVersion "1"]
[SourceVersionDate "2019.10.17"]
[SourceQuality "1"]
[WhiteTeam "Koenigsspringer Haltern"]
[BlackTeam "Unser Fritz"]
[WhiteTeamCountry "GER"]
[BlackTeamCountry "GER"]

1. e4 d6 2. d4 Nf6 3. Nc3 e5 4. Nf3 Nbd7 5. Bc4 Be7 6. Qe2 c6 7. Bb3 b5 8. d5 cxd5 9. Nxd5 Nxd5 10. Bxd5 Rb8 11. 0-0 0-0 12. Be3 Qc7 13. Rad1 Nf6 14. h3 Nxd5 15. Rxd5 Be6 16. Rdd1 Bc4 17. Rd3 Rfc8 18. Rfd1 Bxd3 19. cxd3 Qa5 20. b3 Rc7 21. d4 b4 22. dxe5 dxe5 23. Rd5 Qa3 24. Nxe5 Rbc8 25. Qg4 Qxa2 26. Nd7 Qb2 27. Bd4 Qc1+ 28. Kh2 Qh6 29. Rh5 Qg6 30. Ne5 Qxg4 31. Nxg4 Rd7 32. Be3 f6 33. Ra5 Rcc7 34. h4 Rc3 35. Bxa7 Rxb3 36. Rb5 Rxa7 0-1

[Event "Bad Woerishofen op 29th"]
[Site "Bad Woerishofen"]
[Date "2013.03.03"]
[Round "3"]
[White "Astengo, Corrado"]
[Black "Distelrath, Oliver"]
[Result "1/2-1/2"]
[WhiteElo "2171"]
[BlackElo "1950"]
[PlyCount "53"]
[EventDate "2013.03.01"]
[EventType "swiss"]
[EventRounds "9"]
[EventCountry "GER"]
[SourceTitle "CBM 153 Extra"]
[Source "ChessBase"]
[SourceDate "2013.04.22"]
[SourceVersion "1"]
[SourceVersionDate "2013.04.22"]
[SourceQuality "1"]

1. e4 d6 2. d4 Nf6 3. Nc3 e5 4. dxe5 dxe5 5. Qxd8+ Kxd8 6. Nf3 Bd6 7. Bg5 c6 8. 0-0-0 Ke7 9. Bc4 Bc7 10. Be3 b6 11. h3 Nbd7 12. g4 Nf8 13. Rd2 Ne6 14. Ng5 Nxg5 15. Bxg5 Be6 16. Bxe6 Kxe6 17. Rhd1 Rad8 18. Bxf6 Rxd2 19. Rxd2 gxf6 20. Ne2 h5 21. Ng3 hxg4 22. hxg4 Rh4 23. f3 Rh3 24. Rg2 Bd6 25. Kd2 Bf8 26. Ke2 Bh6 27. Nf5 1/2-1/2

[Event "Ruhrgebiet VK3 1213"]
[Site "Nordrheinwestfalen"]
[Date "2012.09.30"]
[Round "2.1"]
[White "Distelrath, Oliver"]
[Black "Kowallik, Juergen"]
[Result "1/2-1/2"]
[WhiteElo "1857"]
[BlackElo "1909"]
[PlyCount "81"]
[EventDate "2012.09.02"]
[EventType "team-tourn"]
[EventRounds "9"]
[EventCountry "GER"]
[SourceTitle "EXT 2020"]
[Source "ChessBase"]
[SourceDate "2019.10.17"]
[SourceVersion "1"]
[SourceVersionDate "2019.10.17"]
[SourceQuality "1"]
[WhiteTeam "Unser Fritz"]
[BlackTeam "Essen Ueberruhr"]
[WhiteTeamCountry "GER"]
[BlackTeamCountry "GER"]

1. e4 c5 2. Nc3 Nc6 3. f4 g6 4. Nf3 Bg7 5. Bb5 Nd4 6. a4 a6 7. Bc4 e6 8. 0-0 Ne7 9. e5 d5 10. exd6 Qxd6 11. d3 Nef5 12. Ne4 Qc7 13. c3 Nxf3+ 14. Qxf3 h5 15. a5 Bd7 16. Qf2 Rc8 17. Be3 Nxe3 18. Qxe3 0-0 19. Qg3 Bb5 20. Ba2 Rcd8 21. Rfd1 Qe7 22. h3 Ba4 23. Re1 Bc2 24. Bc4 Qd7 25. Nxc5 Qc6 26. Qe3 b5 27. axb6 Qxb6 28. Re2 Qxb2 29. Rc1 Bxc3 30. Rcxc2 Qb1+ 31. Qc1 Qxc1+ 32. Rxc1 Bd4+ 33. Kf1 Bxc5 34. Bxa6 Bd6 35. g3 Kg7 36. h4 Rb8 37. Rc6 Rfd8 38. Bc4 Kf6 39. Rc2 Rbc8 40. Rxc8 Rxc8 41. Ke2 1/2-1/2

[Event "Ruhrgebiet VK2 0910"]
[Site "Ruhrgebiet"]
[Date "2009.11.08"]
[Round "3.7"]
[White "Distelrath, Oliver"]
[Black "Lenz, Helmut"]
[Result "0-1"]
[WhiteElo "1965"]
[BlackElo "1967"]
[PlyCount "52"]
[EventDate "2009.09.06"]
[EventType "team"]
[EventRounds "9"]
[EventCountry "GER"]
[SourceTitle "EXT 2011"]
[Source "ChessBase"]
[SourceDate "2010.11.26"]
[SourceVersion "1"]
[SourceVersionDate "2010.11.26"]
[SourceQuality "1"]
[WhiteTeam "Unser Fritz"]
[BlackTeam "Eichlinghofen SV II"]
[WhiteTeamCountry "GER"]
[BlackTeamCountry "GER"]

1. d4 d5 2. Nf3 e6 3. g3 Nd7 4. Bg2 f5 5. c4 c6 6. Nc3 Ngf6 7. 0-0 Bd6 8. Qc2 0-0 9. b3 Ne4 10. Nd2 Qe8 11. f4 Ndf6 12. Nf3 Qh5 13. Nxe4 Nxe4 14. Ne5 Rf6 15. Bxe4 fxe4 16. Kg2 Bxe5 17. dxe5 Rh6 18. h4 Rg6 19. Kh2 Bd7 20. b4 Rf8 21. a4 Qg4 22. Rg1 Rf5 23. Be3 Rh6 24. Rg2 Rfh5 25. Rh1 Rxh4+ 26. gxh4 Qxh4+ 0-1

[Event "Muensterland op 25th"]
[Site "Senden"]
[Date "2007.09.29"]
[Round "1"]
[White "Distelrath, Oliver"]
[Black "Schulze, Ulrich"]
[Result "0-1"]
[WhiteElo "1980"]
[BlackElo "2309"]
[PlyCount "40"]
[EventDate "2007.09.29"]
[EventType "swiss"]
[EventRounds "9"]
[EventCountry "GER"]
[SourceTitle "EXT 2008"]
[Source "ChessBase"]
[SourceDate "2007.11.25"]
[SourceVersion "1"]
[SourceVersionDate "2007.11.25"]
[SourceQuality "1"]

1. d4 Nf6 2. Nf3 g6 3. g3 Bg7 4. Bg2 d5 5. 0-0 c6 6. c4 0-0 7. Nc3 dxc4 8. e4 b5 9. Qc2 a6 10. a4 Bb7 11. Rd1 e6 12. Bg5 h6 13. Bxf6 Qxf6 14. e5 Qe7 15. Ne4 Nd7 16. a5 c5 17. Nd6 Bxf3 18. Bxf3 cxd4 19. Bxa8 d3 20. Qc1 Nxe5 0-1

[Event "Herne op"]
[Site "Herne"]
[Date "2006.03.07"]
[Round "4"]
[White "Distelrath, Oliver"]
[Black "Wolff, Christoph"]
[Result "1-0"]
[WhiteElo "2029"]
[BlackElo "2110"]
[PlyCount "103"]
[EventDate "2006.02.06"]
[EventType "swiss"]
[EventRounds "7"]
[EventCountry "GER"]
[SourceTitle "EXT 2007"]
[Source "ChessBase"]
[SourceDate "2006.11.23"]
[SourceVersion "1"]
[SourceVersionDate "2006.11.23"]
[SourceQuality "1"]

1. d4 Nf6 2. Nf3 g6 3. Bf4 Bg7 4. e3 c5 5. c3 Qb6 6. Na3 d6 7. Qb3 Qxb3 8. axb3 Nh5 9. Bg5 h6 10. Bh4 g5 11. Bg3 Nxg3 12. hxg3 a6 13. Nb5 Kd8 14. dxc5 dxc5 15. Na3 Nc6 16. Be2 Bf5 17. 0-0-0+ Kc7 18. Bd3 Bg4 19. Rd2 Rad8 20. Be4 b5 21. Bxc6 Rxd2 22. Nxd2 Kxc6 23. Nc2 a5 24. e4 Be6 25. Ne3 Rd8 26. Kc2 Rd6 27. f4 f6 28. f5 Bf7 29. g4 Rd8 30. Ra1 Ra8 31. c4 e6 32. cxb5+ Kxb5 33. Ndc4 Bf8 34. Rd1 Kc6 35. e5 a4 36. exf6 axb3+ 37. Kc3 exf5 38. Ne5+ Kb5 39. Nxf7 f4 40. Nf5 c4 41. N7d6+ Kc5 42. Ne4+ Kb5 43. Ne7 Ra7 44. Rd5+ Kb6 45. Nc8+ Kc6 46. Re5 Rc7 47. Ne7+ Kd7 48. Ng6 Rc8 49. Nxf8+ Rxf8 50. Re7+ Kd8 51. Ra7 Ke8 52. Nd6+ 1-0

[Event "Herne op"]
[Site "Herne"]
[Date "2006.02.14"]
[Round "2.4"]
[White "Distelrath, Oliver"]
[Black "Ritter, Uwe"]
[Result "0-1"]
[WhiteElo "2029"]
[BlackElo "2094"]
[PlyCount "52"]
[EventDate "2006.02.06"]
[EventType "swiss"]
[EventRounds "7"]
[EventCountry "GER"]
[SourceTitle "EXT 2007"]
[Source "ChessBase"]
[SourceDate "2006.11.23"]
[SourceVersion "1"]
[SourceVersionDate "2006.11.23"]
[SourceQuality "1"]

1. d4 Nf6 2. Nf3 d5 3. Bf4 c5 4. e3 Nc6 5. c3 Qb6 6. Qb3 c4 7. Qxb6 axb6 8. Nbd2 b5 9. Be2 e6 10. 0-0 b4 11. e4 b5 12. Ne5 Bb7 13. a4 bxa3 14. b3 Nxe5 15. dxe5 Nxe4 16. Nxe4 dxe4 17. bxc4 bxc4 18. Bxc4 Bc5 19. Bb5+ Ke7 20. Ra2 Ra5 21. c4 Rb8 22. Rd1 Rxb5 23. cxb5 Bd5 24. Raa1 Rxb5 25. Rdc1 a2 26. Bd2 Ba3 0-1

[Event "Bad Ems op"]
[Site "Bad Ems"]
[Date "2004.03.09"]
[Round "5"]
[White "Kroencke, Manfred"]
[Black "Distelrath, Oliver"]
[Result "1-0"]
[WhiteElo "2190"]
[BlackElo "2037"]
[PlyCount "51"]
[EventDate "2004.03.06"]
[EventType "swiss"]
[EventRounds "9"]
[EventCountry "GER"]
[SourceTitle "CBM 099 Extra"]
[Source "ChessBase"]
[SourceDate "2004.05.04"]
[SourceVersion "1"]
[SourceVersionDate "2004.05.04"]
[SourceQuality "1"]

1. e4 c6 2. d4 d5 3. exd5 cxd5 4. Bd3 Nc6 5. c3 Nf6 6. Bf4 g6 7. Nd2 Bf5 8. Qe2 Rc8 9. Ngf3 Qb6 10. Rb1 e6 11. h3 Na5 12. 0-0 Bxd3 13. Qxd3 Nc4 14. b3 Nxd2 15. Nxd2 Qc6 16. Be5 Bg7 17. c4 0-0 18. c5 a6 19. b4 Qb5 20. Qc2 Nd7 21. Bxg7 Kxg7 22. a4 Qe2 23. g4 a5 24. b5 Nxc5 25. dxc5 d4 26. Rfe1 1-0

[Event "Herne Laufer op"]
[Site "Herne"]
[Date "2003.06.19"]
[Round "3.5"]
[White "Distelrath, Oliver"]
[Black "Koscielski, Janusch"]
[Result "0-1"]
[WhiteElo "2043"]
[BlackElo "2335"]
[PlyCount "80"]
[EventDate "2003.06.18"]
[EventType "swiss"]
[EventRounds "7"]
[EventCountry "GER"]
[SourceTitle "EXT 2004"]
[Source "ChessBase"]
[SourceDate "2003.11.25"]
[SourceVersion "1"]
[SourceVersionDate "2003.11.25"]
[SourceQuality "1"]

1. d4 f5 2. Bg5 g6 3. e3 Bg7 4. Bd3 d6 5. c3 Nf6 6. Bxf6 Bxf6 7. h4 e5 8. h5 Nc6 9. hxg6 hxg6 10. Rxh8+ Bxh8 11. Nd2 Qe7 12. Qb3 Kf8 13. 0-0-0 Rb8 14. Bb5 Nd8 15. Nh3 c6 16. Bd3 b5 17. Bb1 Be6 18. Qa3 Nf7 19. f4 b4 20. cxb4 exd4 21. e4 Kg8 22. exf5 gxf5 23. Re1 Qf6 24. Qg3+ Bg7 25. Ng5 Bd5 26. Bd3 c5 27. bxc5 dxc5 28. Nc4 Nxg5 29. fxg5 Qf8 30. Rf1 Rb4 31. b3 Be6 32. Re1 Qf7 33. Nd6 Qd7 34. Rxe6 Qxe6 35. Bc4 Rxc4+ 36. Nxc4 f4 37. Qxf4 Qe1+ 38. Kc2 Qc3+ 39. Kb1 d3 40. Qb8+ Bf8 0-1